Social Science-IX (Record no. 3544)

MARC details
000 -LEADER
fixed length control field 00231nam a22000857a 4500
008 - FIXED-LENGTH DATA ELEMENTS--GENERAL INFORMATION
fixed length control field 161018b xxu||||| |||| 00| 0 eng d
100 ## - MAIN ENTRY--PERSONAL NAME
9 (RLIN) 891
Personal name Kundra.D.N.
245 ## - TITLE STATEMENT
Title Social Science-IX
260 ## - PUBLICATION, DISTRIBUTION, ETC. (IMPRINT)
Place of publication, distribution, etc. New Delhi
Name of publisher, distributor, etc. Dhan Patrai Publications
Date of publication, distribution, etc. 2015
Holdings
Withdrawn status Lost status Source of classification or shelving scheme Damaged status Koha normalized classification for sorting Not for loan Home library Current library Shelving location Date acquired Total Checkouts Total Renewals Full call number Barcode Date last seen Date last checked out Price effective from Koha item type
    Dewey Decimal Classification   300_000000000000000   Good Samaritan School Library Good Samaritan School Library Social Science 10/18/2016 9 5 300 KUN13576 02/24/2024 02/21/2024 10/18/2016 BOOK

Powered by Koha